000 00369pab a2200157 454500
008 180718b1989 xxu||||| |||| 00| 0 eng d
100 _aNoorbasha, Abdul
245 _aViability of regional rural banks
_bA case study
260 _c1989
300 _a18-21
362 _a26 Mar.
650 _aBanks - India
700 _aM. Jyothi
773 _aYojana
909 _a4335
999 _c4335
_d4335